000 00314nam a22001457a 4500
008 221028b ||||| |||| 00| 0 eng d
020 _a9781412961158
041 _aeng
080 _24VOLUME
_a61
082 _a61 MICH
100 _a8
101 _aINF
245 _aSPORT MEDICINE
_cMICHELI L
942 _2udc
_cBK
999 _c58680
_d58680